| 000 | 00575cam a22002291 4500 | ||
|---|---|---|---|
| 001 | sa 66003579 | ||
| 003 | DLC | ||
| 005 | 20260227112237.0 | ||
| 008 | 931019s1962 xx a 000 0 tam | ||
| 010 | _asa 66003579 | ||
| 025 | _aPL480:I-T-106 | ||
| 035 | _a(OCoLC)29050139 | ||
| 040 |
_aDLC _cNRU _dDLC |
||
| 042 | _apremarc | ||
| 050 | 0 | 0 |
_aQB44 _b.N35 |
| 100 | 1 | _aNarayanasvami Nayudu, S. M. | |
| 245 | 1 | 0 | _a[Kōḷkaḷum viṇmīn̲kaḷum] |
| 260 | _c[1962?] | ||
| 300 |
_a86 p. _billus. _c18 cm. |
||
| 500 | _aIn Tamil. | ||
| 650 | 0 |
_aAstronomy _xPopular works. |
|
| 999 |
_c68970 _d68970 |
||